Provinces of Argentina (Provincias de Argentina) - Statistics

General Stats
  • This quiz has been taken 171 times
  • The average score is 21 of 24
Answer Stats
Answer % Correct
Autonomous City of Buenos Aires
100%
Buenos Aires
100%
Jujuy
91%
Córdoba
90%
Salta
90%
Santa Fe
89%
Tierra del Fuego, Antártida e Islas del Atlántico Sur
89%
Chubut
88%
Misiones
87%
San Juan
87%
La Pampa
86%
Tucumán
86%
Chaco
84%
Entre Ríos
84%
Neuquén
84%
Río Negro
84%
Mendoza
83%
San Luis
83%
Formosa
81%
Santa Cruz
80%
Corrientes
79%
Catamarca
78%
La Rioja
78%
Santiago del Estero
78%
No matching quizzes found
Score Distribution
Percent of People with Each Score
Percentile by Number Answered
Your Score History
You have not taken this quiz